Desarrollo de planificación didáctica para tercer ciclo en el Centro Escolar Cantón Cerro Colorado en base al programa de inglés del Ministerio de Educación para tercer ciclo (Registro nro. 27465)
[ vista simple ]
| 000 -CABECERA | |
|---|---|
| Longitud fija campo de control | 01103nam a22002177a 4500 |
| 003 - IDENTIFICADOR DELl NÚMERO DE CONTROL | |
| Identificador del número de control | OSt |
| 005 - FECHA Y HORA DE LA ÚLTIMA TRANSACCIÓN | |
| Fecha y hora de la última transacción | 20170331135242.0 |
| 008 - CÓDIGOS DE INFORMACIÓN DE LONGITUD FIJA | |
| Códigos de información de longitud fija | 150407b xxu||||| |||| 00| 0 eng d |
| 040 ## - FUENTE DE LA CATALOGACIÓN | |
| Centro transcriptor | CRI |
| 082 ## - NÚMERO DE LA CLASIFICACIÓN DECIMAL DEWEY | |
| Númeroo de clasificación | 374.13 |
| 100 ## - PUNTO DE ACCESO PRINCIPAL-NOMBRE DE PERSONA | |
| 9 (RLIN) | 40969 |
| Nombre de persona | Flores Jovel, Miguel Alcides |
| 245 10 - MENCIÓN DE TÍTULO | |
| Título | Desarrollo de planificación didáctica para tercer ciclo en el Centro Escolar Cantón Cerro Colorado en base al programa de inglés del Ministerio de Educación para tercer ciclo |
| Resto del título | : Proyecto |
| Mención de responsabilidad, etc. | Miguel Alcides Flores Jovel, Johana Lisseth Valladares Abarba, William Ernesto Galindo Luna |
| 260 ## - PUBLICACIÓN, DISTRIBUCIÓN, ETC. (PIE DE IMPRENTA) | |
| Lugar de publicación, distribución, etc. | Ilobasco (Cabañas) |
| Nombre del editor, distribuidor, etc. | Universidad Católica de El Salvador |
| Fecha de publicación, distribución, etc. | 2014 |
| 300 ## - DESCRIPCIÓN FÍSICA | |
| Extensión | 2 V. |
| Otras características físicas | il. |
| Dimensiones | 27.5 cm |
| Material anejo | + 1 disco compacto |
| 502 ## - NOTA DE TESIS | |
| Nota de tesis | Trabajo de graduación para optar al grado académico de Licenciado en ciencias de la educación especialidad en idioma inglés. |
| 650 #0 - PUNTO DE ACCESO ADICIONAL DE MATERIA - TÉRMINO DE MATERIA | |
| 9 (RLIN) | 15474 |
| Término de materia o nombre geográfico como elemento inicial | Enseñanza |
| 700 ## - PUNTO DE ACCESO ADICIONAL - NOMBRE DE PERSONA | |
| 9 (RLIN) | 40970 |
| Nombre de persona | Valladares Abarca, Johana Lisseth |
| 700 ## - PUNTO DE ACCESO ADICIONAL - NOMBRE DE PERSONA | |
| 9 (RLIN) | 40971 |
| Nombre de persona | Galindo Luna, William Ernesto |
| 710 ## - PUNTO DE ACCESO ADICIONAL - NOMBRE DE ENTIDAD | |
| 9 (RLIN) | 40915 |
| Nombre de entidad o nombre de jurisdicción como elemento inicial | Universidad Católica de El Salvador |
| Unidad subordinada | Centro Regional de Ilobasco |
| 942 ## - ENTRADA DE ELEMENTOS AGREGADOS (KOHA) | |
| Fuente de clasificaión o esquema | Dewey Decimal Classification |
| Koha [por defecto] tipo de item | 4- Trabajo de Graduación |
| Parte de clasificación | prozim |
| Suprimido | Perdido | Fuente de clasificación o esquema | Estropeado | Restricciones de uso | No para préstamo | Código de colección | Localización permanente | Localización actual | Localización en estanter&íacute;as | Fecha adquisición | Fuente de adquisición | Número de inventario | Préstamos totales | Signatura completa | Código de barras | Fecha última consulta | Fecha del precio de reemplazo | Tipo de item de Koha |
|---|---|---|---|---|---|---|---|---|---|---|---|---|---|---|---|---|---|---|
| NULL | NULL | Dewey Decimal Classification | NULL | Prestable | NULL | NULL | Biblioteca Centro Regional de Ilobasco | Biblioteca Centro Regional de Ilobasco | Sala Principal | 05/07/2014 | CRI | 000010 | PR-000010 | 1041269 | 31/03/2017 | 31/03/2017 | 4- Trabajo de Graduación |